[Event "Titled Tue 27th May Late"]
[Site "chess.com INT"]
[Date "2025.05.27"]
[Round "6"]
[White "Mendes Aaron Reeve"]
[Black "Naranjo Moreno, Antonio"]
[Result "1-0"]
[WhiteTitle "IM"]
[BlackTitle "FM"]
[WhiteElo "2335"]
[BlackElo "2289"]
[WhiteFideId "25954938"]
[BlackFideId "2278626"]
[EventDate "2025.05.27"]

1. e4 e5 2. Nf3 Nc6 3. d4 exd4 4. Nxd4 Nf6 5. Nxc6 bxc6 6. Nd2 d5 7. exd5 cxd5
8. Bb5+ Bd7 9. Bxd7+ Qxd7 10. O-O Be7 11. b3 c5 12. Bb2 d4 13. c3 dxc3 14. Bxc3
O-O 15. Nc4 Qxd1 16. Raxd1 Rfd8 17. f3 Nd5 18. Ba5 Nb6 19. Nxb6 axb6 20. Bxb6
Rxd1 21. Rxd1 Rxa2 22. Rd7 Kf8 23. Rc7 Bd6 24. Bxc5 Bxc5+ 25. Rxc5 Rb2 26. Rb5
Ke7 27. Rb7+ Ke6 28. h4 h5 29. Kh2 g6 30. Kg3 Kf6 31. b4 Ke6 32. b5 Kf6 33. Rb8
Ke6 34. b6 Kf6 35. b7 Kf5 36. Kh2 f6 37. Kh3 Rb4 38. g4+ hxg4+ 39. fxg4+ Kf4 40.
h5 Rb3+ 41. Kg2 Rb2+ 42. Kf1 Kf3 43. Ke1 1-0

[Event "Titled Tue 27th May Late"]
[Site "chess.com INT"]
[Date "2025.05.27"]
[Round "6"]
[White "Butti, Enrique"]
[Black "Kochavi, Dana"]
[Result "1-0"]
[WhiteTitle "CM"]
[BlackTitle "FM"]
[WhiteElo "1998"]
[BlackElo "2226"]
[WhiteFideId "3700470"]
[BlackFideId "2837137"]
[EventDate "2025.05.27"]

1. d4 Nf6 2. Nf3 e6 3. e3 b6 4. Bd3 Bb7 5. O-O c5 6. b3 d5 7. Bb2 Be7 8. c4 cxd4
9. exd4 dxc4 10. bxc4 O-O 11. Nc3 Nc6 12. Qe2 Nxd4 13. Nxd4 Qxd4 14. Nd5 Qc5 15.
Bxf6 Bxf6 16. Qe4 g6 17. Nxf6+ Kg7 18. Qxb7 Kxf6 19. Qf3+ Kg7 20. Rfd1 Rac8 21.
Bf1 Rc7 22. Qe3 Qe7 23. Qd4+ e5 24. Qd6 Qxd6 25. Rxd6 Re8 26. f3 f5 27. Re1 Rce7
28. Kf2 g5 29. Rd5 Kf6 30. c5 bxc5 31. Rxc5 Rb8 32. Rc6+ Kg7 33. Bc4 Rb2+ 34.
Re2 Rbb7 35. Bb3 Rbd7 36. Ra6 Rc7 37. Rd2 e4 38. fxe4 fxe4 39. Re2 Rc5 40. Re6
Rf5+ 41. Ke3 Rxe6 42. Bxe6 Re5 43. Bb3 Kf6 44. Rf2+ Ke7 45. g4 a5 46. Rf5 Rxf5
47. gxf5 Kf6 48. Kxe4 h5 49. Be6 h4 50. Kf3 h3 1-0

[Event "Titled Tue 27th May Late"]
[Site "chess.com INT"]
[Date "2025.05.27"]
[Round "6"]
[White "Jing, Andrew"]
[Black "Gomez Gonzales, Fabiana"]
[Result "1-0"]
[WhiteTitle "FM"]
[BlackTitle "WCM"]
[WhiteElo "2254"]
[BlackElo "1843"]
[WhiteFideId "30984076"]
[BlackFideId "3860191"]
[EventDate "2025.05.27"]

1. e4 d5 2. exd5 Qxd5 3. Nc3 Qa5 4. d4 Nf6 5. Bc4 c6 6. Nf3 Bg4 7. h3 Bxf3 8.
Qxf3 Nbd7 9. O-O e6 10. a3 Be7 11. Bf4 O-O 12. Rad1 Qb6 13. Bb3 Nd5 14. Nxd5
cxd5 15. Rfe1 Nf6 16. Bg5 Qc7 17. Re5 Ne4 18. Bxe7 Qxe7 19. Bxd5 Nf6 20. Bb3
Rfd8 21. c3 h6 22. Rde1 Qc7 23. Qg3 Nh7 24. Bc2 Nf8 25. Qg4 f5 26. Qg3 Re8 27.
Bb3 Qf7 28. h4 Qf6 29. Qf4 Rad8 30. g3 Ng6 31. Rxe6 Rxe6 32. Rxe6 Qf7 33. Qf3
Kh8 34. Qh5 Re8 35. Qxg6 Qxg6 36. Rxg6 1-0

[Event "Titled Tue 27th May Late"]
[Site "chess.com INT"]
[Date "2025.05.27"]
[Round "6"]
[White "Krzywda, Andrzej"]
[Black "Kleimenov, Nikolay"]
[Result "0-1"]
[WhiteTitle "CM"]
[BlackTitle "CM"]
[WhiteElo "2175"]
[BlackElo "2198"]
[WhiteFideId "1114565"]
[BlackFideId "34414223"]
[EventDate "2025.05.27"]

1. e4 c5 2. Nf3 d6 3. d4 cxd4 4. Nxd4 Nf6 5. Nc3 g6 6. Be3 Bg7 7. f3 Nc6 8. Qd2
O-O 9. O-O-O d5 10. exd5 Nxd5 11. Nxc6 bxc6 12. Bd4 Bxd4 13. Qxd4 Qb6 14. Na4
Qc7 15. Kb1 Rd8 16. g3 Nc3+ 17. Nxc3 Rxd4 18. Rxd4 Bf5 19. Bc4 Rd8 20. Rhd1 Rxd4
21. Rxd4 Qe5 22. Rd1 h5 23. a3 Qc5 24. Be2 Qf2 25. g4 hxg4 26. fxg4 Be6 27. h3
Qh2 28. Bf1 Kg7 29. Re1 Qf2 30. Rd1 Bd5 31. Nxd5 cxd5 32. c4 dxc4 33. Bxc4 Qf3
34. Rd3 Qe4 35. b3 f5 36. gxf5 gxf5 37. Kb2 f4 38. Kc3 f3 39. Bd5 Qe5+ 40. Kc4
f2 41. Rf3 f1=Q+ 42. Rxf1 Qe2+ 0-1

[Event "Titled Tue 27th May Late"]
[Site "chess.com INT"]
[Date "2025.05.27"]
[Round "6"]
[White "Aronian, Levon"]
[Black "Ansat, Aldiyar"]
[Result "1-0"]
[WhiteTitle "GM"]
[BlackTitle "IM"]
[WhiteElo "2747"]
[BlackElo "2489"]
[WhiteFideId "13300474"]
[BlackFideId "13715658"]
[EventDate "2025.05.27"]

1. d4 Nf6 2. Nf3 e6 3. e3 c5 4. Bd3 b6 5. c4 Bb7 6. O-O Be7 7. Nc3 O-O 8. d5
exd5 9. cxd5 d6 10. e4 Nbd7 11. h3 Rc8 12. Bf4 Re8 13. Re1 a6 14. a4 Bf8 15. Nd2
Ne5 16. Bf1 Nfd7 17. b3 Qf6 18. Bh2 g6 19. Rc1 Bh6 20. Rc2 Bf4 21. Bxf4 Qxf4 22.
g3 Qg5 23. Kh2 f5 24. f4 Qf6 25. fxe5 Nxe5 26. Nc4 Nxc4 27. bxc4 f4 28. Qg4 f3
29. Qf4 Qd4 30. Rd1 Qg7 31. Qxf3 Rf8 32. Qe3 Rce8 33. Bg2 Bc8 34. Rb1 Qd4 35.
Qxd4 cxd4 36. Nd1 Bd7 37. Rxb6 Bxa4 38. Rd2 Bxd1 39. Rxd1 Rf2 40. Rxd4 Ra2 41.
Rxd6 Rf8 42. Rd1 Rff2 43. Rg1 a5 44. c5 a4 45. Ra6 a3 46. c6 Rfc2 47. d6 Kf7 48.
c7 Ke6 49. h4 Kd7 50. e5 h5 51. Ra8 1-0

[Event "Titled Tue 27th May Late"]
[Site "chess.com INT"]
[Date "2025.05.27"]
[Round "6"]
[White "Fedorov, Artem Alek"]
[Black "Liu, Jason"]
[Result "0-1"]
[WhiteTitle "CM"]
[BlackTitle "CM"]
[WhiteElo "2198"]
[BlackElo "2064"]
[WhiteFideId "34418431"]
[BlackFideId "2514656"]
[EventDate "2025.05.27"]

1. e4 b6 2. d4 e6 3. Nc3 Bb7 4. Nf3 Bb4 5. Bd3 Nf6 6. Qe2 d5 7. exd5 Qxd5 8. Bd2
Bxc3 9. bxc3 Nbd7 10. O-O O-O 11. c4 Qh5 12. Bf4 c5 13. c3 Qg4 14. Bg3 cxd4 15.
cxd4 Bxf3 16. Qxf3 Qxd4 17. Rad1 Qb2 18. Rfe1 Rfe8 19. Re2 Qb4 20. Bd6 Qa4 21.
Red2 Rac8 22. g4 Qa5 23. h4 h6 24. Qg3 Nc5 25. Bb1 Nce4 26. Qa3 Nxd2 27. Qxa5
Nf3+ 28. Kg2 Nxh4+ 29. Kg3 bxa5 30. Kxh4 Rxc4 31. f3 Rd8 32. Rd3 Rc6 33. Bf4
Rxd3 0-1

[Event "Titled Tue 27th May Late"]
[Site "chess.com INT"]
[Date "2025.05.27"]
[Round "6"]
[White "De Sousa, Antonio Micaias Silva"]
[Black "Duarte Cramer, Lily Jeanette"]
[Result "1-0"]
[BlackTitle "WCM"]
[WhiteElo "2007"]
[BlackElo "1828"]
[WhiteFideId "22798528"]
[BlackFideId "29620180"]
[EventDate "2025.05.27"]

1. e4 d6 2. d4 g6 3. c4 Bg7 4. Nc3 Nf6 5. Nf3 O-O 6. Be2 c5 7. O-O cxd4 8. Nxd4
Nc6 9. Be3 a6 10. Qd2 Bd7 11. f3 e6 12. Nb3 Be8 13. Rfd1 d5 14. cxd5 exd5 15.
exd5 Nb4 16. Bc5 Nbxd5 17. Nxd5 Nxd5 18. Bxf8 Kxf8 19. Qxd5 Qb6+ 20. Qc5+ Qxc5+
21. Nxc5 Bxb2 22. Rab1 Bc3 23. Nxb7 Bc6 24. Rbc1 Ba4 25. Rxc3 Bxd1 26. Bxd1 Rb8
27. Rb3 Rc8 28. Be2 Rc2 29. Kf2 Rxa2 30. Rb6 a5 31. Ra6 a4 32. Nc5 a3 33. Ke3
Rc2 34. Nd3 a2 35. Nb4 Rc3+ 36. Kf2 Rb3 37. Nxa2 Rb2 38. Nc3 Kg7 39. Nd1 Rb4 40.
Ra7 Rh4 41. h3 Rd4 42. Ne3 h6 43. Bc4 Rf4 44. Bxf7 Rxf7 45. Rxf7+ Kxf7 46. f4
Kf6 47. Kf3 g5 48. f5 h5 49. g4 h4 50. Ke4 Kg7 51. Ke5 Kf7 52. f6 Kg6 53. Ke6
Kh7 54. Ke7 Kg6 55. f7 Kh7 56. f8=Q Kg6 57. Qf5+ Kh6 58. Nd5 Kg7 59. Nf6 Kh6 60.
Qh7# 1-0

[Event "Titled Tue 27th May Late"]
[Site "chess.com INT"]
[Date "2025.05.27"]
[Round "6"]
[White "Maglioni, Leonardo"]
[Black "Alvarado, Carlos"]
[Result "1-0"]
[BlackTitle "CM"]
[WhiteElo "2069"]
[BlackElo "2032"]
[WhiteFideId "2896830"]
[BlackFideId "3800555"]
[EventDate "2025.05.27"]

1. d4 Nf6 2. Bf4 d5 3. e3 c5 4. c3 Nc6 5. Nd2 e6 6. Ngf3 h6 7. Be2 Be7 8. h3 Bd7
9. O-O O-O 10. Bd3 Qb6 11. Qb3 c4 12. Qxb6 axb6 13. Bc2 b5 14. a3 Ne8 15. e4
dxe4 16. Nxe4 f5 17. Ned2 Nf6 18. Ne5 Be8 19. Rae1 Nd5 20. Bh2 Nd8 21. Nef3 Bc6
22. Re2 Bf6 23. Rfe1 g5 24. Bd6 Rf7 25. Ne5 Rg7 26. g3 h5 27. Kh2 g4 28. h4 Kh7
29. Nxc6 bxc6 30. Rxe6 Nxe6 31. Bxf5+ Kh8 32. Rxe6 Be7 33. Be5 Kg8 34. Rxc6 1-0

[Event "Titled Tue 27th May Late"]
[Site "chess.com INT"]
[Date "2025.05.27"]
[Round "6"]
[White "Weidenhoefer, Max"]
[Black "Nouali, Mohamed"]
[Result "0-1"]
[WhiteTitle "CM"]
[BlackTitle "FM"]
[WhiteElo "2171"]
[BlackElo "2157"]
[WhiteFideId "16230566"]
[BlackFideId "5502462"]
[EventDate "2025.05.27"]

1. Nf3 Nf6 2. g3 g6 3. Bg2 Bg7 4. O-O O-O 5. c4 d6 6. d4 Nc6 7. Nc3 e5 8. dxe5
dxe5 9. Bg5 Be6 10. b3 h6 11. Bxf6 Bxf6 12. Ne4 Be7 13. Qc2 f5 14. Ned2 e4 15.
Ne1 Nd4 16. Qd1 Bb4 17. e3 Bxd2 18. Qxd2 Nc6 19. Rd1 Qxd2 20. Rxd2 Rad8 21. Re2
Kg7 22. Nc2 Ne5 23. Rb1 Nf3+ 24. Bxf3 exf3 25. Ree1 Rd2 26. Rbc1 c5 27. Kf1 Rfd8
28. a3 h5 29. h4 g5 30. hxg5 Kg6 31. Kg1 Kxg5 32. e4 f4 33. gxf4+ Kxf4 34. Re3
Rg8+ 35. Kh1 Rxf2 36. Ree1 Rg4 37. Ne3 Rh4+ 38. Kg1 Rb2 39. Rc3 f2+ 40. Kf1 Bh3+
41. Ng2+ Bxg2+ 42. Kxg2 fxe1=Q+ 43. Rc2 Rxc2# 0-1

[Event "Titled Tue 27th May Late"]
[Site "chess.com INT"]
[Date "2025.05.27"]
[Round "6"]
[White "Andrade, Ivan"]
[Black "Hua, Eugene"]
[Result "0-1"]
[WhiteTitle "FM"]
[BlackTitle "FM"]
[WhiteElo "2161"]
[BlackElo "2240"]
[WhiteFideId "14800039"]
[BlackFideId "2618150"]
[EventDate "2025.05.27"]

1. e4 d5 2. exd5 Nf6 3. Nc3 Nxd5 4. Bc4 Be6 5. Bxd5 Bxd5 6. Nxd5 Qxd5 7. Nf3
Qe4+ 8. Qe2 Qxc2 9. O-O Nc6 10. b4 O-O-O 11. b5 Nd4 12. Nxd4 Rxd4 13. a4 e6 14.
Qe5 Qe4 15. Qg3 Bd6 16. Qxg7 Be5 17. Qh6 Rg8 18. g3 Rd3 19. Ra3 Rxa3 20. Bxa3
Qxa4 21. Qxh7 Rh8 22. Qxf7 Qg4 23. f3 Qh3 24. Rf2 Bd4 0-1

[Event "Titled Tue 27th May Late"]
[Site "chess.com INT"]
[Date "2025.05.27"]
[Round "6"]
[White "Smieszek, Wojciech"]
[Black "Danzer, George"]
[Result "1-0"]
[WhiteTitle "CM"]
[BlackTitle "CM"]
[WhiteElo "2141"]
[BlackElo "2172"]
[WhiteFideId "1156047"]
[BlackFideId "4659465"]
[EventDate "2025.05.27"]

1. e4 c5 2. Nf3 d6 3. d4 cxd4 4. Nxd4 Nf6 5. Nc3 a6 6. Be3 e5 7. Nb3 Be6 8. Qd2
Nbd7 9. O-O-O b5 10. f4 b4 11. Nd5 Bxd5 12. exd5 g6 13. Qxb4 Rb8 14. Qa5 Qxa5
15. Nxa5 Bg7 16. Nc6 Ra8 17. fxe5 Nxe5 18. Nxe5 dxe5 19. Bc5 Ne4 20. Ba3 Nf2 21.
Bc4 Nxh1 22. Rxh1 Rc8 23. Bxa6 Rd8 24. Bb5+ Rd7 25. c4 Kd8 26. Bxd7 Kxd7 27. Kc2
f5 28. c5 e4 29. b4 Ra8 30. Kb3 e3 31. b5 f4 32. c6+ Kc7 33. d6+ Kb6 34. Rc1 Be5
35. c7 Rxa3+ 36. Kxa3 Bxd6+ 37. Kb3 Bxc7 38. a4 g5 39. Kc4 Kb7 40. Kd3 g4 41. g3
fxg3 42. hxg3 Bxg3 43. Kxe3 h5 44. Rg1 h4 45. Rxg3 hxg3 46. Ke2 1-0

[Event "Titled Tue 27th May Late"]
[Site "chess.com INT"]
[Date "2025.05.27"]
[Round "6"]
[White "Ertan, Can"]
[Black "Schuster, Karsten"]
[Result "1-0"]
[WhiteTitle "IM"]
[BlackTitle "FM"]
[WhiteElo "2369"]
[BlackElo "2266"]
[WhiteFideId "6306330"]
[BlackFideId "4611071"]
[EventDate "2025.05.27"]

1. e4 d5 2. exd5 Qxd5 3. Nc3 Qd6 4. d4 c6 5. Nf3 Bg4 6. h3 Bxf3 7. Qxf3 Nf6 8.
Be3 e6 9. O-O-O Qc7 10. Bc4 Nbd7 11. Rhe1 O-O-O 12. g4 Nb6 13. Bb3 Nfd5 14. Ne4
Nxe3 15. fxe3 Bb4 16. Rf1 Rhf8 17. a3 Be7 18. g5 Kb8 19. Qh5 Nd5 20. Rd3 f5 21.
gxf6 Nxf6 22. Nxf6 Rxf6 23. Rxf6 Bxf6 24. Bxe6 h6 25. Qf3 Qh2 26. Kb1 Qg1+ 27.
Ka2 a6 28. Rb3 Ka7 29. d5 c5 30. d6 b6 31. Qc6 Rb8 32. Bc8 Qd1 33. Qc7+ Ka8 34.
Bxa6 Qd5 35. Bb5 Rb7 36. Bc6 1-0

[Event "Titled Tue 27th May Late"]
[Site "chess.com INT"]
[Date "2025.05.27"]
[Round "6"]
[White "Mahdavi, Reza"]
[Black "Svane, Frederik"]
[Result "0-1"]
[WhiteTitle "IM"]
[BlackTitle "GM"]
[WhiteElo "2445"]
[BlackElo "2671"]
[WhiteFideId "12595926"]
[BlackFideId "12923044"]
[EventDate "2025.05.27"]

1. e4 c5 2. Nf3 d6 3. d4 cxd4 4. Nxd4 Nf6 5. Nc3 Nc6 6. Bc4 Bd7 7. Be3 Na5 8.
Be2 e6 9. g4 h6 10. h4 Rc8 11. Rg1 Rxc3 12. bxc3 Nxe4 13. Qd3 d5 14. Rb1 Nc4 15.
Nf3 Nxe3 16. Qxe3 Bc5 17. Nd4 e5 18. f3 Qxh4+ 19. Kd1 Nxc3+ 20. Qxc3 Bxd4 21.
Qc7 Bxg1 22. Qb8+ Qd8 23. Qxe5+ Be6 24. Qxg7 Kd7 25. Rxb7+ Kc6 26. Ba6 Qa5 27.
Qe5 Bb6 28. Qxh8 Qxa6 29. Rb8 Qf1+ 30. Kd2 Qf2+ 31. Kd1 Qg1+ 32. Ke2 Qe3+ 33.
Kd1 Qxf3+ 34. Kc1 Qe3+ 0-1

[Event "Titled Tue 27th May Late"]
[Site "chess.com INT"]
[Date "2025.05.27"]
[Round "6"]
[White "Swara Lakshmi S Nair"]
[Black "Sobek, Jaroslav"]
[Result "1-0"]
[WhiteTitle "WCM"]
[BlackTitle "FM"]
[WhiteElo "2178"]
[BlackElo "2195"]
[WhiteFideId "25629239"]
[BlackFideId "301388"]
[EventDate "2025.05.27"]

1. e4 c5 2. Nf3 a6 3. c4 Nc6 4. d4 cxd4 5. Nxd4 e5 6. Nc2 Bc5 7. Nc3 Nf6 8. Be2
O-O 9. O-O h6 10. Be3 d6 11. Rc1 Be6 12. h3 Re8 13. Qd2 Qe7 14. Rfd1 Rad8 15. b3
Rf8 16. Nd5 Bxd5 17. exd5 Bxe3 18. Qxe3 Nb8 19. Nd4 Qd7 20. Nf3 Rc8 21. Nh4 a5
22. Bd3 Qc7 23. Nf5 Na6 24. Qg3 g6 25. Nxh6+ Kg7 26. Nf5+ Kg8 27. Qg5 Qd8 28.
Ng3 Kg7 29. Re1 Rh8 30. Nf5+ Kf8 31. Nh6 Nc5 32. Bb1 Kg7 33. Nxf7 Kxf7 34. Qxg6+
Kf8 35. Re3 Rc7 36. Rf3 Rf7 37. Bf5 Qe7 38. a3 1-0

[Event "Titled Tue 27th May Late"]
[Site "chess.com INT"]
[Date "2025.05.27"]
[Round "6"]
[White "Bongo Akanga Ndjila, Barthelemy"]
[Black "Garcia Correa, Jose Ricardo"]
[Result "0-1"]
[WhiteTitle "CM"]
[BlackTitle "FM"]
[WhiteElo "1847"]
[BlackElo "2103"]
[WhiteFideId "10609431"]
[BlackFideId "5101832"]
[EventDate "2025.05.27"]

1. d4 Nf6 2. Nf3 e6 3. e3 c5 4. Bd3 cxd4 5. exd4 d5 6. O-O Nc6 7. b3 Bd6 8. Bb2
O-O 9. Nbd2 Qe7 10. Ne5 Ba3 11. Bc3 Nb4 12. Be2 Bd7 13. Nb1 Nc6 14. Nxa3 Qxa3
15. Nxd7 Nxd7 16. Bd3 Rfc8 17. Qh5 Nf8 18. Qh3 Nb4 19. Bxb4 Qxb4 20. c4 dxc4 21.
bxc4 Rd8 22. Rfd1 b6 23. d5 g6 24. Bf1 Rac8 25. Qf3 Rd6 26. a3 Qc5 27. h4 Rcd8
28. h5 exd5 29. cxd5 Rxd5 30. Rxd5 Qxd5 31. Qxd5 Rxd5 32. hxg6 hxg6 33. Rc1 Ra5
34. Rc3 Ne6 35. g3 Nd4 36. Kg2 Kg7 37. f3 Nb5 38. Bxb5 Rxb5 39. Kf2 Rb2+ 40. Ke3
a5 41. Ke4 b5 42. Kd5 b4 43. axb4 axb4 44. Rd3 Rc2 45. f4 Kf6 46. g4 Rf2 0-1

[Event "Titled Tue 27th May Late"]
[Site "chess.com INT"]
[Date "2025.05.27"]
[Round "6"]
[White "Klekowski, Maciej"]
[Black "Navoyan, Gagik"]
[Result "1-0"]
[WhiteTitle "GM"]
[BlackTitle "CM"]
[WhiteElo "2474"]
[BlackElo "2186"]
[WhiteFideId "1132717"]
[BlackFideId "13314866"]
[EventDate "2025.05.27"]

1. e4 e5 2. Nf3 Nc6 3. Bb5 a6 4. Ba4 Nf6 5. O-O Be7 6. Re1 b5 7. Bb3 O-O 8. a4
b4 9. d3 d5 10. exd5 Nxd5 11. h3 Nf6 12. Nbd2 Bd6 13. a5 Bb7 14. Nc4 Re8 15. Bg5
h6 16. Bh4 g5 17. Bg3 Nd7 18. h4 g4 19. Nfd2 h5 20. Ne4 Be7 21. Qd2 Kg7 22. Ba4
f6 23. c3 Nc5 24. Nxc5 Bxc5 25. Ne3 Qc8 26. d4 exd4 27. cxd4 Bxd4 28. Nd5 Qf5
29. Nxc7 Ne5 30. Nxe8+ Rxe8 31. Qxd4 Nf3+ 32. gxf3 Qxf3 33. Qd7+ Kh6 34. Bf4+
Qxf4 35. Rxe8 Qf3 36. Rh8+ 1-0

[Event "Titled Tue 27th May Late"]
[Site "chess.com INT"]
[Date "2025.05.27"]
[Round "6"]
[White "Akobian, Varuzhan"]
[Black "Rosen, Eric"]
[Result "1-0"]
[WhiteTitle "GM"]
[BlackTitle "IM"]
[WhiteElo "2564"]
[BlackElo "2377"]
[WhiteFideId "13300580"]
[BlackFideId "2032562"]
[EventDate "2025.05.27"]

1. d4 d5 2. c4 e6 3. Nc3 Nf6 4. cxd5 exd5 5. Bg5 c6 6. e3 Bd6 7. Bd3 h6 8. Bh4
O-O 9. Nf3 Re8 10. Qc2 Be6 11. O-O Nbd7 12. Rab1 a5 13. a3 Rc8 14. Rfc1 b5 15.
b4 axb4 16. axb4 Nb6 17. Ne2 Nc4 18. Qb3 Ra8 19. Ra1 Bg4 20. Rxa8 Qxa8 21. Bxf6
Bxf3 22. gxf3 gxf6 23. f4 Kh8 24. Bb1 Rg8+ 25. Ng3 Qf8 26. Qd3 Rg7 27. Kh1 Bxb4
28. Qf5 Rg6 29. Qd7 f5 30. Nxf5 Nd2 31. Bd3 Ne4 32. Bxe4 dxe4 33. Rxc6 Be1 34.
Rc8 Qxc8 35. Qxc8+ Rg8 36. Qc6 Rg6 37. Qe8+ Rg8 38. Qxf7 Bxf2 39. Qf6+ Kh7 40.
Qxh6# 1-0

[Event "Titled Tue 27th May Late"]
[Site "chess.com INT"]
[Date "2025.05.27"]
[Round "6"]
[White "Da Matta, Eduardo Cesar"]
[Black "Hercegovac, Neven"]
[Result "0-1"]
[BlackTitle "FM"]
[WhiteElo "2047"]
[BlackElo "2211"]
[WhiteFideId "2193108"]
[BlackFideId "2839135"]
[EventDate "2025.05.27"]

1. d4 Nf6 2. c4 e6 3. Nc3 c5 4. d5 d6 5. Nf3 exd5 6. cxd5 g6 7. Bf4 Bg7 8. Qa4+
Bd7 9. Qb3 Bc8 10. h3 O-O 11. e3 a6 12. a4 Qe7 13. Bd3 Nbd7 14. O-O Ne8 15. Nd2
Ne5 16. Be2 Rb8 17. Bh2 b5 18. axb5 axb5 19. Nxb5 Nc7 20. Ra7 Rb7 21. Rxb7 Bxb7
22. f4 Bxd5 23. Qd1 Nc6 24. Nxc7 Qxc7 25. e4 Be6 26. f5 Bd4+ 27. Kh1 Bc8 28. Nf3
Re8 29. fxg6 hxg6 30. Ng5 f6 31. Bc4+ Kg7 32. Nf3 Rxe4 33. Nxd4 Rxd4 34. Qe2 Ne5
35. Ba2 Qe7 36. Bb1 Bb7 37. Qc2 Be4 38. Qf2 Bxb1 39. Rxb1 Nd3 0-1

[Event "Titled Tue 27th May Late"]
[Site "chess.com INT"]
[Date "2025.05.27"]
[Round "6"]
[White "Fadi, Marko"]
[Black "Rustemov, Alexander"]
[Result "0-1"]
[WhiteTitle "FM"]
[BlackTitle "GM"]
[WhiteElo "2244"]
[BlackElo "2525"]
[WhiteFideId "10605371"]
[BlackFideId "4119002"]
[EventDate "2025.05.27"]

1. c4 c5 2. Nc3 g6 3. g3 Bg7 4. Bg2 Nc6 5. Nf3 b6 6. O-O Bb7 7. e3 Bxc3 8. dxc3
d6 9. e4 Nf6 10. Ne1 h5 11. h3 Nd7 12. Nc2 Qc7 13. Ne3 e6 14. b3 h4 15. g4 g5
16. Qd2 Nde5 17. Rd1 O-O-O 18. a4 a5 19. Nd5 exd5 20. cxd5 Ne7 21. Qxg5 Rdf8 22.
Qf6 N7g6 23. f4 Nd7 24. Qf5 Ne7 25. Qg5 f6 26. Qg7 Qd8 27. Be3 Qe8 28. e5 Rfg8
29. exf6 Rxg7 30. fxg7 Rg8 31. Re1 Rxg7 32. Bf2 Qf7 33. Bxh4 Nxd5 34. f5 Nf4 35.
Re7 Qxe7 36. Bxe7 Rxe7 37. Bxb7+ Kxb7 38. Rf1 Nxh3+ 39. Kg2 Ng5 40. Kg3 Nf6 41.
Kf4 Rg7 42. Rh1 Nf7 43. Rh4 Kc6 44. c4 Kd7 45. g5 Nxg5 46. Rh6 Nge4 47. Rg6 Rxg6
48. fxg6 Ke6 0-1

[Event "Titled Tue 27th May Late"]
[Site "chess.com INT"]
[Date "2025.05.27"]
[Round "6"]
[White "Korkmaz, Necmettin"]
[Black "Pereyra, Horacio"]
[Result "1-0"]
[WhiteTitle "CM"]
[WhiteElo "2059"]
[BlackElo "2133"]
[WhiteFideId "6303285"]
[BlackFideId "113700"]
[EventDate "2025.05.27"]

1. e4 d5 2. exd5 Qxd5 3. Nc3 Qd6 4. d4 Nf6 5. Nf3 c6 6. g3 Bg4 7. Bg2 e6 8. O-O
Be7 9. Bf4 Qd8 10. h3 Bxf3 11. Bxf3 O-O 12. Re1 Nbd7 13. Bg2 Nb6 14. b3 Bb4 15.
Qd3 c5 16. Be5 Nfd7 17. Bd6 Nd5 18. Nxd5 Bxe1 19. Ne7+ Kh8 20. Rxe1 Qb6 21. dxc5
Nxc5 22. Qd4 Nd7 23. Qxb6 axb6 24. Bxb7 Rxa2 25. Be4 Re8 26. Bc6 Ra7 27. Rd1 f6
28. Bb4 Rd8 29. Bb5 g6 30. Nc6 1-0

[Event "Titled Tue 27th May Late"]
[Site "chess.com INT"]
[Date "2025.05.27"]
[Round "6"]
[White "Gubajdullin, Alexei"]
[Black "Bogaudinov, Rushan"]
[Result "0-1"]
[WhiteTitle "FM"]
[BlackTitle "FM"]
[WhiteElo "2227"]
[BlackElo "1912"]
[WhiteFideId "4141202"]
[BlackFideId "4129288"]
[EventDate "2025.05.27"]

1. Nf3 Nf6 2. g3 g6 3. Bg2 Bg7 4. O-O O-O 5. d3 d5 6. Nbd2 b6 7. e4 e6 8. e5
Nfd7 9. d4 c5 10. c3 Nc6 11. Re1 a5 12. Nf1 a4 13. a3 Ba6 14. Bg5 Qc7 15. Ne3 b5
16. Ng4 cxd4 17. cxd4 Na5 18. Rc1 Qb7 19. Bh6 Bxh6 20. Nxh6+ Kg7 21. Ng4 Nb3 22.
Rc3 Rfc8 23. Rxb3 axb3 24. Qd2 Kh8 25. Qh6 f5 26. exf6 Nf8 27. Ng5 Rc7 28. Ne5
b4 0-1

[Event "Titled Tue 27th May Late"]
[Site "chess.com INT"]
[Date "2025.05.27"]
[Round "6"]
[White "Cervantes Landeiro, Thalia"]
[Black "Petrus, Adrian"]
[Result "1-0"]
[WhiteTitle "FM"]
[BlackTitle "CM"]
[WhiteElo "2278"]
[BlackElo "2203"]
[WhiteFideId "3520498"]
[BlackFideId "14573652"]
[EventDate "2025.05.27"]

1. d4 Nf6 2. c4 e6 3. Nc3 Bb4 4. Nf3 O-O 5. Bg5 h6 6. Bxf6 Qxf6 7. e4 Bxc3+ 8.
bxc3 d6 9. Bd3 e5 10. O-O Bg4 11. c5 dxc5 12. dxe5 Qe7 13. Be2 Nd7 14. Qd5 c6
15. Qd6 Rfe8 16. Rab1 Qxd6 17. exd6 b6 18. h3 Bxf3 19. Bxf3 Ne5 20. Rfd1 Rad8
21. Be2 Re6 22. f4 Nd7 23. e5 g5 24. g3 Kg7 25. Kf2 Ree8 26. Bf3 f6 27. Bh5 fxe5
28. Bxe8 Rxe8 29. fxe5 Rxe5 30. Re1 Rf5+ 31. Kg2 Nf6 32. Re7+ Kg6 33. Rf1 1-0

[Event "Titled Tue 27th May Late"]
[Site "chess.com INT"]
[Date "2025.05.27"]
[Round "6"]
[White "Zhukovskyi, Oleksandr"]
[Black "Efimov, Leonid"]
[Result "1-0"]
[WhiteTitle "CM"]
[BlackTitle "FM"]
[WhiteElo "2153"]
[BlackElo "2260"]
[WhiteFideId "14169371"]
[BlackFideId "54165725"]
[EventDate "2025.05.27"]

1. b3 d5 2. Bb2 Nf6 3. e3 c5 4. Nf3 e6 5. c4 Nc6 6. cxd5 exd5 7. Bb5 Be7 8. d4
O-O 9. dxc5 Bxc5 10. O-O Bd6 11. Nc3 Re8 12. h3 a6 13. Bxc6 bxc6 14. Rc1 Bd7 15.
Na4 Ne4 16. Qd4 f6 17. Rfd1 Rb8 18. Qa7 a5 19. Nd4 Re7 20. Qa6 Ra8 21. Nxc6 Rxa6
22. Nxd8 Re8 23. Nb7 Be6 24. Nxd6 Rxd6 25. Ba3 Ra6 26. Rc7 h5 27. f3 Ng3 28. Nc5
Nf5 29. Nxa6 1-0

[Event "Titled Tue 27th May Late"]
[Site "chess.com INT"]
[Date "2025.05.27"]
[Round "6"]
[White "Hiermann, Dietmar"]
[Black "Metin, Enis"]
[Result "1-0"]
[WhiteTitle "FM"]
[WhiteElo "2216"]
[BlackElo "2169"]
[WhiteFideId "1602918"]
[BlackFideId "26306948"]
[EventDate "2025.05.27"]

1. e4 c5 2. Nf3 d6 3. d4 cxd4 4. Nxd4 Nf6 5. Nc3 g6 6. f3 Nc6 7. Be3 h5 8. Bc4
Bg7 9. Qd2 Na5 10. Bd3 Bd7 11. O-O Rc8 12. Qe2 h4 13. b4 Rxc3 14. bxa5 Qxa5 15.
Rab1 b6 16. Bd2 Nh5 17. Nb3 Qb4 18. Qe1 Be6 19. a3 Bd4+ 20. Rf2 Qa4 21. Nxd4
Rxa3 22. Nxe6 fxe6 23. Bb5+ 1-0